| 000 -LEADER |
| fixed length control field |
00289nam a22001217a 4500 |
| 008 - FIXED-LENGTH DATA ELEMENTS--GENERAL INFORMATION |
| fixed length control field |
250206b ||||| |||| 00| 0 eng d |
| 020 ## - INTERNATIONAL STANDARD BOOK NUMBER |
| International Standard Book Number |
9781848124714 |
| 082 ## - DEWEY DECIMAL CLASSIFICATION NUMBER |
| Classification number |
823.914 |
| 100 ## - MAIN ENTRY--PERSONAL NAME |
| Personal name |
MORPURGO,MICHAEL |
| Relator term |
AUTHOR |
| 245 ## - TITLE STATEMENT |
| Title |
NOT BAD FOR BAD LAD |
| 260 ## - PUBLICATION, DISTRIBUTION, ETC. |
| Name of publisher, distributor, etc. |
PICADILLY PRESS |
| 942 ## - ADDED ENTRY ELEMENTS (KOHA) |
| Source of classification or shelving scheme |
|